000 00890nam a22002177a 4500
999 _c11169
_d11169
003 AR-CdUCM
008 190403b ||||| |||| 00| 0 spa d
040 _aMUNICIPALIDAD PROVINCIAL DEL CUSCO
_cBIBLIOTECA MUNICIPAL DEL CUSCO
082 _a750.92 /
_bM953G / 1960
100 _aMujica Gallo, Manuel
_99858
245 _a¿Fue Goya figura del toreo? /
260 _aLima :
_bOrganización Continental Festivales del Libro,
_c1960.
300 _a185 páginas ;
_bIlustraciones,
_c17 cm.
500 _aDonación de la familia Nieto. Dedicatoria a Luis Nieto
505 _aContenido: La fuerza desafiante de los secretos -- Maestro de la Tauromaquia -- Goya y Pedro Romero, el de ronda -- En la vida Y muerte de Pepe Hillo ....
650 _aPintura española
_928385
650 _aSiglo XIX
_9971
650 _aCorridas de toros en el arte
_928386
942 _2ddc
_cLIBROS
945 _acmm